Manažér a jeho ghostwriter i whistleblower
Manažér a písomnosti. Pojmové vymedzenie a vlastnosti ghostwritera (tzv. tieňový autor). Príprava prejavu pre šéfa. Príprava článkov a písomných materiálov pre šéfa. Etický rozmer ghostwritingu. Pojem whistleblower (tzv. donášač).
Salvato in:
| Autore principale: | |
|---|---|
| Natura: | Capitolo di libro |
| Lingua: | slovacco |
| Soggetti: | |
| Tags: |
Nessun Tag, puoi essere il primo ad aggiungerne!!
|
MARC
| LEADER | 00000naa$a2200000$$$4500 | ||
|---|---|---|---|
| 001 | 0003883 | ||
| 005 | 20231003110047.4 | ||
| 041 | 0 | |a slo | |
| 044 | |a SK | ||
| 245 | 1 | 0 | |a Manažér a jeho ghostwriter i whistleblower |c aut. Miroslav Tuma |
| 520 | |a Manažér a písomnosti. Pojmové vymedzenie a vlastnosti ghostwritera (tzv. tieňový autor). Príprava prejavu pre šéfa. Príprava článkov a písomných materiálov pre šéfa. Etický rozmer ghostwritingu. Pojem whistleblower (tzv. donášač). | ||
| 610 | 2 | 0 | |a manažéri |
| 610 | 2 | 0 | |a manažment |
| 610 | 2 | 0 | |a komunikácia manažérska |
| 610 | 2 | 0 | |a dokumenty |
| 610 | 2 | 0 | |a kongresy |
| 100 | 1 | |a Tuma, Miroslav | |